Hrubá poľnohospodárska produkcia na Slovensku v roku 1991 - v stálych cenách roku 1989 - v bežných cenách v roku 1991 - naturálna bilancia

Saved in:
Bibliographic Details
Format: Book
Language:Slovak
Published: Bratislava Slovenský štatistický úrad 1992
Subjects:
Tags: Add Tag
No Tags, Be the first to tag this record!

MARC

LEADER 00000nam a2200000 4500
001 c002231
005 20260225081343.2
041 0 |a slo 
044 |a SK 
245 1 0 |a Hrubá poľnohospodárska produkcia na Slovensku v roku 1991 - v stálych cenách roku 1989 - v bežných cenách v roku 1991 - naturálna bilancia 
264 1 |a Bratislava  |b Slovenský štatistický úrad  |c 1992 
300 |a 121 s. 
610 2 0 |a Slovensko 
610 2 0 |a poľnohospodárstvo 
610 2 0 |a produkcia hrubá 
610 2 0 |a výrobky poľnohospodárske